000 00916nam a22002897a 4500
003 CHAP
005 20220329134122.0
008 971013s1965 r 00010 d
010 _a15661
011 _a16633
035 _a20715
040 _cCHAP
090 _aFolleto 5596
100 0 0 _aBesnier Romero, Fernando.
_912033
245 _aVariedades de avena
260 _aMadrid :
_bMinisterio de Agricultura,
_c1965
300 _a11 p.
_b: ilus.
490 _aMadrid. Ministerio de Agricultura. Hojas divulgadoras
_v; 20-65
590 _aBATCH-UPD
_b10
_c20130110
_lUCH01
_h0039
590 _aBATCH-UPD
_b10
_c20130110
_lUCH01
_h1947
590 _aCONVERSION
_b10
_c20130109
_lUCH01
_h1310
650 1 4 _aAvena
_xVariedades.
_98552
830 0 _aMadrid. Ministerio de Agricultura. Hojas divulgadoras
_v; 20-65
_969716
901 _aBK
942 _cFOLL
949 _aFolleto 5596
_bBC
_cFOLL
_d-48288
_eTS1
_i20715
_mD
_si
999 _c15661
_d15661